00276nam a2200121Ia 45000030006000000080041000060400015000471000022000622450032000842600009001165460012001250050017001370STCL150530s9999 xx 000 0 und d aSTCLcSTCL aJames Boulger, D. aRime of the ancient mariner c1969 aEnglish20220125170857.0